| 000 | 00373nam a2200109Ia 4500 | ||
|---|---|---|---|
| 008 | 160909s9999 xx 000 0 und d | ||
| 100 | _aZdanovec, Aubree | ||
| 245 | _aSeduction: A feminist reading of Berthe Morisot's paintings | ||
| 260 |
_bThe University of Arizona. _c2016 |
||
| 650 | _aMULTIMEDIA ARTS | ||
| 856 | _uhttp://pqdtopen.proquest.com/doc/1800272196.html?FMT=ABS | ||
| 999 |
_c304370 _d304370 |
||